<?xml version="1.0" encoding="UTF-8"?>
<record
    xmlns:xsi="http://www.w3.org/2001/XMLSchema-instance"
    xsi:schemaLocation="http://www.loc.gov/MARC21/slim http://www.loc.gov/standards/marcxml/schema/MARC21slim.xsd"
    xmlns="http://www.loc.gov/MARC21/slim">

  <leader>00727nam a22002177a 4500</leader>
  <controlfield tag="005">20230209054428.0</controlfield>
  <controlfield tag="008">230209b        |||||||| |||| 00| 0 eng d</controlfield>
  <datafield tag="020" ind1=" " ind2=" ">
    <subfield code="a">978-971-23-8003-7</subfield>
  </datafield>
  <datafield tag="082" ind1=" " ind2=" ">
    <subfield code="a">Fil. 745.53 B297 2017</subfield>
  </datafield>
  <datafield tag="100" ind1=" " ind2=" ">
    <subfield code="a">Basbas, John Gabrielle D. </subfield>
    <subfield code="e">author </subfield>
  </datafield>
  <datafield tag="245" ind1=" " ind2=" ">
    <subfield code="a">Handicraft:</subfield>
    <subfield code="b">leathercraft and woodcraft /</subfield>
    <subfield code="c">John Gabrielle D. Basbas; Leonora D. Basbas, coordinator</subfield>
  </datafield>
  <datafield tag="250" ind1=" " ind2=" ">
    <subfield code="a">1st ed.</subfield>
  </datafield>
  <datafield tag="260" ind1=" " ind2=" ">
    <subfield code="a">Manila:</subfield>
    <subfield code="b">Rex Book Store, </subfield>
    <subfield code="c">c2017.</subfield>
  </datafield>
  <datafield tag="300" ind1=" " ind2=" ">
    <subfield code="a">x, 144p.;</subfield>
    <subfield code="b">ill.</subfield>
  </datafield>
  <datafield tag="504" ind1=" " ind2=" ">
    <subfield code="a">Includes references and index </subfield>
  </datafield>
  <datafield tag="541" ind1=" " ind2=" ">
    <subfield code="e">5605 c.1, 5606 c.2, 5607 c.3, 5608 c.4, 5609 c.5</subfield>
  </datafield>
  <datafield tag="650" ind1=" " ind2=" ">
    <subfield code="a">Handicraft </subfield>
  </datafield>
  <datafield tag="650" ind1=" " ind2=" ">
    <subfield code="a">Leather work </subfield>
  </datafield>
  <datafield tag="650" ind1=" " ind2=" ">
    <subfield code="a">Woodwork </subfield>
  </datafield>
  <datafield tag="700" ind1=" " ind2=" ">
    <subfield code="a">Basbas, Leonora D. </subfield>
    <subfield code="e">coordinator </subfield>
  </datafield>
  <datafield tag="952" ind1=" " ind2=" ">
    <subfield code="0">0</subfield>
    <subfield code="1">0</subfield>
    <subfield code="2">ddc</subfield>
    <subfield code="4">0</subfield>
    <subfield code="7">0</subfield>
    <subfield code="a">CTUMB</subfield>
    <subfield code="b">CTUMB</subfield>
    <subfield code="d">2019-01-14</subfield>
    <subfield code="l">0</subfield>
    <subfield code="o">Fil. 745.53 B297 2017</subfield>
    <subfield code="p">5605</subfield>
    <subfield code="r">2023-02-09 00:00:00</subfield>
    <subfield code="t">1</subfield>
    <subfield code="w">2023-02-09</subfield>
    <subfield code="y">BK-FL</subfield>
  </datafield>
  <datafield tag="952" ind1=" " ind2=" ">
    <subfield code="0">0</subfield>
    <subfield code="1">0</subfield>
    <subfield code="2">ddc</subfield>
    <subfield code="4">0</subfield>
    <subfield code="7">0</subfield>
    <subfield code="a">CTUMB</subfield>
    <subfield code="b">CTUMB</subfield>
    <subfield code="d">2019-01-14</subfield>
    <subfield code="l">0</subfield>
    <subfield code="o">Fil. 745.53 B297 2017</subfield>
    <subfield code="p">5606</subfield>
    <subfield code="r">2023-02-09 00:00:00</subfield>
    <subfield code="t">2</subfield>
    <subfield code="w">2023-02-09</subfield>
    <subfield code="y">BK-FL</subfield>
  </datafield>
  <datafield tag="952" ind1=" " ind2=" ">
    <subfield code="0">0</subfield>
    <subfield code="1">0</subfield>
    <subfield code="2">ddc</subfield>
    <subfield code="4">0</subfield>
    <subfield code="7">0</subfield>
    <subfield code="a">CTUMB</subfield>
    <subfield code="b">CTUMB</subfield>
    <subfield code="d">2019-01-14</subfield>
    <subfield code="l">0</subfield>
    <subfield code="o">Fil. 745.53 B297 2017</subfield>
    <subfield code="p">5607</subfield>
    <subfield code="r">2023-02-09 00:00:00</subfield>
    <subfield code="t">3</subfield>
    <subfield code="w">2023-02-09</subfield>
    <subfield code="y">BK-FL</subfield>
  </datafield>
  <datafield tag="952" ind1=" " ind2=" ">
    <subfield code="0">0</subfield>
    <subfield code="1">0</subfield>
    <subfield code="2">ddc</subfield>
    <subfield code="4">0</subfield>
    <subfield code="7">0</subfield>
    <subfield code="a">CTUMB</subfield>
    <subfield code="b">CTUMB</subfield>
    <subfield code="d">2019-01-14</subfield>
    <subfield code="l">0</subfield>
    <subfield code="o">Fil. 745.53 B297 2017</subfield>
    <subfield code="p">5608</subfield>
    <subfield code="r">2023-02-09 00:00:00</subfield>
    <subfield code="t">4</subfield>
    <subfield code="w">2023-02-09</subfield>
    <subfield code="y">BK-FL</subfield>
  </datafield>
  <datafield tag="952" ind1=" " ind2=" ">
    <subfield code="0">0</subfield>
    <subfield code="1">0</subfield>
    <subfield code="2">ddc</subfield>
    <subfield code="4">0</subfield>
    <subfield code="7">0</subfield>
    <subfield code="a">CTUMB</subfield>
    <subfield code="b">CTUMB</subfield>
    <subfield code="d">2019-01-14</subfield>
    <subfield code="l">0</subfield>
    <subfield code="o">Fil. 745.53 B297 2017</subfield>
    <subfield code="p">5609</subfield>
    <subfield code="r">2023-02-09 00:00:00</subfield>
    <subfield code="t">5</subfield>
    <subfield code="w">2023-02-09</subfield>
    <subfield code="y">BK-FL</subfield>
  </datafield>
  <datafield tag="999" ind1=" " ind2=" ">
    <subfield code="c">1019</subfield>
    <subfield code="d">1019</subfield>
  </datafield>
</record>
